000 00399 a2200145 4500
999 _c4902
_d4902
020 _a0201073919
050 0 0 _aQA 162 SAR 1980
100 1 _aSaracino, Dan
_eauthor
245 1 0 _aAbstract algebra;
_ba first course.
_cDan Saracino
264 _aLondon :
_bAddison Wesley
_c1980
300 _avi, 233 p.
_bill.
500 _aIncludes index
650 0 _aAlgebra, Abstract.
942 _2lcc
_cBK
_h162
_iSAR
_kQA